| 000 | 00411nam a22001697a 4500 | ||
|---|---|---|---|
| 003 | BD-DhUIB | ||
| 005 | 20251014151426.0 | ||
| 008 | 251014b |||||||| |||| 00| 0 eng d | ||
| 040 |
_aBD-DhUIB _cBD-DhUIB |
||
| 050 | _a174.4 | ||
| 082 | _222 | ||
| 100 |
_aHartman, Laura P. _91012 |
||
| 245 |
_aPerspectives in business ethics/ _cby Laura P. Hartman. |
||
| 250 | _a3rd ed. | ||
| 526 | _aBBA. | ||
| 942 |
_2ddc _cBK |
||
| 999 |
_c556 _d556 |
||